000 00720nam a2200277Ia 4500
001 Z_3925
003 CHAP
008 220113s1997 xx 000 0 und d
010 _a166986
040 _cCHAP
082 _a636.9089 W5y
100 _aWinkelmann, Johannes
_9122278
245 _aEnfermedades de los conejos /
_cpor Johannes Winkelmann y Hans-Jürgen Lammers
260 _aZaragoza :
_bAcribia,
_c1997
300 _a154 p. ; ilus.
440 _a
500 _aTrad. De : Kaninchenkrakheiten
503 _aC/E
650 _aConejos
_xEnfermedades I. Lammers, Hans
_xJürgen II. t.
_9141156
901 _a636.9089 W5y
902 _aA
910 _a1997
942 _c1
942 _cc1
999 _c166986
_d166986